| 000 | 00476nam a22001697a 4500 | ||
|---|---|---|---|
| 005 | 20240318131849.0 | ||
| 008 | 240318b |||||||| |||| 00| 0 eng d | ||
| 020 | _a9781119068051 | ||
| 082 |
_a006.788 _bJOH-P |
||
| 100 | _aJohnson, Bruce | ||
| 245 |
_a Professional visual studio 2015 / _cBruce Johnson |
||
| 260 |
_aindia: _bWrox; _c2015. |
||
| 300 |
_axxxvii, 1273 p. : _bill; _c23 cm. |
||
| 500 | _ainclude index. | ||
| 650 | _acomputer science/programming | ||
| 999 |
_c35391 _d35391 |
||